000 00346 a2200157 4500
001 47469
020 _a9788578273491
040 _cAnchieta - Aquarius
100 _aBARCINKI, Fabiana Werneck
240 1 0 _aSeringueira
_lpor
245 1 0 _aSeringueira
300 _a47p.
362 0 _a2010
650 4 _aLiteratura infanto-juvenil
942 _cBK
999 _c47469
_d47469